Welcome to CU Library Online Public Access Catalogue (OPAC)

Strategy as action : (Record no. 4511)

MARC details
000 -LEADER
fixed length control field 00739cam a2200229 a 4500
001 - CONTROL NUMBER
control field 2109083
005 - DATE AND TIME OF LATEST TRANSACTION
control field 20250304120038.0
008 - FIXED-LENGTH DATA ELEMENTS--GENERAL INFORMATION
fixed length control field 961120s1997 ohua b 001 0 eng
020 ## - INTERNATIONAL STANDARD BOOK NUMBER
International Standard Book Number 0314216502 (pbk.)
050 00 - LIBRARY OF CONGRESS CALL NUMBER
Classification number HD41
Item number .G695 1997
082 00 - DEWEY DECIMAL CLASSIFICATION NUMBER
Classification number 658.4/012
Edition information 21
100 1# - MAIN ENTRY--PERSONAL NAME
Personal name Grimm, Curtis M.
245 10 - TITLE STATEMENT
Title Strategy as action :
Remainder of title industry rivalry and coordination /
Statement of responsibility, etc. Curtis M. Grimm & Ken G. Smith.
260 ## - PUBLICATION, DISTRIBUTION, ETC.
Place of publication, distribution, etc. Cincinnati, Ohio :
Name of publisher, distributor, etc. South-Western College Pub.,
Date of publication, distribution, etc. c1997.
300 ## - PHYSICAL DESCRIPTION
Extent xvii, 240 p. :
Other physical details ill. ;
Dimensions 23 cm.
440 #0 - SERIES STATEMENT/ADDED ENTRY--TITLE
Title Southwestern's strategic management series
650 #0 - SUBJECT ADDED ENTRY--TOPICAL TERM
Topical term or geographic name entry element Competition.
650 #0 - SUBJECT ADDED ENTRY--TOPICAL TERM
Topical term or geographic name entry element Strategic alliances (Business)
650 #0 - SUBJECT ADDED ENTRY--TOPICAL TERM
Topical term or geographic name entry element Strategic planning.
700 1# - ADDED ENTRY--PERSONAL NAME
Personal name Smith, Ken G.
942 ## - ADDED ENTRY ELEMENTS (KOHA)
Source of classification or shelving scheme Library of Congress Classification
Koha item type Books
Suppress in OPAC No
999 ## -
-- 4511
-- 4511
Holdings
Withdrawn status Lost status Source of classification or shelving scheme Damaged status Not for loan Collection Home library Current library Shelving location Date acquired Total checkouts Full call number Barcode Date last seen Copy number Price effective from Koha item type
    Library of Congress Classification     Non-fiction Undergraduate Library (Christ Temple) Undergraduate Library (Christ Temple) General stacks 03/04/2025   HD41 GRI ulct00001522 03/04/2025 1 03/04/2025 Books
    Library of Congress Classification     Non-fiction Undergraduate Library (Christ Temple) Undergraduate Library (Christ Temple) General stacks 03/04/2025   HD41 GRI ulct00001523 03/04/2025 2 03/04/2025 Books
    Library of Congress Classification     Non-fiction Undergraduate Library (Christ Temple) Undergraduate Library (Christ Temple) General stacks 03/04/2025   HD41 GRI ulct00001524 03/04/2025 3 03/04/2025 Books
    Library of Congress Classification     Non-fiction Undergraduate Library (Christ Temple) Undergraduate Library (Christ Temple) General stacks 03/04/2025   HD41 GRI ulct00001525 03/04/2025 4 03/04/2025 Books
© 2023-2024 Copyright: Central University Libraries. All Rights Reserved | Created by: Mahone Tech Office